| 000 | 00442nam a2200157Ia 4500 | ||
|---|---|---|---|
| 008 | 220214s9999 xx 000 0 und d | ||
| 022 | _a0003-0996 | ||
| 245 | 0 | _aAMERICAN SCIENTIST | |
| 260 |
_bScientific Research Society, New Haven _aUSA |
||
| 310 | _aBM | ||
| 500 | _aEnd Date: 1988 | ||
| 500 | _aEnding Volume & Year: 76, 1988 | ||
| 500 | _aMissing Volume: 67(2);72(2);74(2) | ||
| 500 | _aStarting Volume & Year: 62, 1974 | ||
| 942 | _cBJ | ||
| 999 |
_c6162 _d6162 |
||